LEADER 05056nam 2200589 450 001 9910463826203321 005 20200520144314.0 010 $a3-8366-3825-8 035 $a(CKB)2670000000523526 035 $a(EBL)1594183 035 $a(OCoLC)867931066 035 $a(SSID)ssj0001166379 035 $a(PQKBManifestationID)11685303 035 $a(PQKBTitleCode)TC0001166379 035 $a(PQKBWorkID)11120870 035 $a(PQKB)10298300 035 $a(MiAaPQ)EBC1594183 035 $a(Au-PeEL)EBL1594183 035 $a(CaPaEBR)ebr10838378 035 $a(EXLCZ)992670000000523526 100 $a20140221d2013 uy| 0 101 0 $ager 135 $aur|n|---||||| 181 $ctxt 182 $cc 183 $acr 200 10$aProfessionalisierung palliativer Sozialarbeit /$fMaria Drechsler 210 1$aHamburg [Germany] :$cDiplomica Verlag,$d2013. 215 $a1 online resource (171 p.) 300 $aDescription based upon print version of record. 311 $a3-8366-8825-5 320 $aIncludes bibliographical references. 327 $aProfessionalisierungpalliativer Sozialarbeit; Inhalt; Verzeichnis der verwendeten Abku?rzungen; 1. Einleitung; 1.1. Zugang zum Thema; 1.2. Einordnung in Theorie und Praxis; 1.3. Frage- und Problemstellung; 1.4. Aufbau des Buches; 2. Soziale Arbeit im Hospiz; 2.1. Selbstversta?ndnis und Auftrag professioneller Sozialer Arbeit im Allgemeinen; 2.2. Selbstversta?ndnis und Auftrag Sozialer Arbeit im Hospiz; 2.2.1. Psychosozialer Auftrag; 2.2.2. Psychosoziale Begleitung; 2.2.2.1. Psychosoziale Begleitung der Patienten; 2.2.2.2. Psychosoziale Begleitung der Angeho?rigen 327 $a2.2.2.3. Trauerbegleitung Angeho?riger2.2.2.4. Besonderheiten in der Kinderhospizarbeit und in der Arbeit mit Kindern als Trauernde; 2.3. Zusammenfassung; 3. Konzepte Sozialer Arbeit im Hospiz; 3.1. Konzept der Lebensfu?hrung und Biografie nach Feth; 3.2. Empowerment nach Herriger; 3.3. Lebensweltorientierung nach Thiersch; 3.4. Casemanagement; 3.5. Klientenzentrierte Gespra?chsfu?hrung nach Rogers; 3.6. Zusammenfassung; 4. Besonderheiten des Ta?tigkeitsprofils von Sozialpa?dagogInnen in der Hospizarbeit; 4.1. Mo?glichkeiten; 4.1.1. Sozialrechtliche Beratung 327 $a4.1.2. Vernetzungsta?tigkeit und Gremienarbeit4.1.3. O?ffentlichkeitsarbeit; 4.1.4. Evaluation und Dokumentation; 4.2. Barrieren der Sozialen Arbeit im Hospiz; 4.2.1. Institutionelle Bedingungen; 4.2.2. Gesellschaftliche A?ngste; 4.2.3. Bedingungen des Gesundheitssystems; 4.2.4. Zo?gerliche Haltung der Hochschulen; 4.2.5. Na?he und Distanz in der Hospizarbeit; 4.3. Hilfen fu?r Helfer; 4.3.1. Besonderheiten sozialer Dienstleister; 4.3.2. Supervision; 4.4. Zusammenfassung; 5. O?sterreichische Standards sozialpa?dagogischen Handelns 327 $a5.1. Standardvorgaben fu?r die Sozialarbeit im Bereich Palliative Care in O?sterreich5.1.1. Fachliche Voraussetzungen und Qualifikationen; 5.1.2. Ta?tigkeitsfelder der Palliativsozialarbeit; 5.1.3. Rahmenbedingungen; 5.1.4. Schwerpunkte sozialarbeiterischen Handelns; 5.1.5. Dienstleistungen in der palliativen Sozialarbeit; 5.2. Zusammenfassung; 6. Vergleich der Hospizarbeit in Deutschland und O?sterreich; 6.1. Gesundheitssystem; 6.2. Hospiz- und Palliativeinrichtungen; 6.3. Finanzierung; 6.4. Ehrenamtliche; 6.5. Zusammenfassung 327 $a7. Empirische Untersuchung zur Umsetzung o?sterreichischer Standards in sa?chsischen Einrichtungen7.1. Datenerhebung und Auswertungsverfahren; 7.2. Inhalt des Fragebogens; 7.3. Thesen; 7.4. Ergebnisse der Befragung; 7.4.1. Befragte Personenkreise und Einrichtungen; 7.4.2. Patientenzahlen; 7.4.3. Mitarbeiterstrukturen; 7.4.4. Standardbereich 1: Fachliche Voraussetzungen und Qualifikationen; 7.4.5. Standardbereich 2: Ta?tigkeitsfelder der Palliativsozialarbeit; 7.4.6. Standardbereich 3: Rahmenbedingungen; 7.4.7. Standardbereich 4: Schwerpunkte sozialarbeiterischen Handelns 327 $a7.4.8. Standardbereich 5: Dienstleistungen in der palliativen Sozialarbeit 330 $aDas Fachbuch bescha?ftigt sich mit dem aktuellen Stand der Professionalisierung Sozialer Arbeit im Hospiz. Nach einer Einfu?hrung in die Aufgabengebiete, Theorien und Konzepte Sozialer Arbeit im Gesamtkonzept Hospiz wird mit Hilfe von Fragebo?gen untersucht, ob die in O?sterreich bereits geltenden Standards hospizlicher Sozialarbeit auch in sa?chsischen Einrichtungen Anwendung finden. Zugrunde liegende Thesen beziehen sich auf die Wahrnehmung der Aufgabengebiete, Qualifikationen der MitarbeiterInnen, Einheitlichkeit in den Rahmenbedingungen und in der sozialpa?dagogischen Betreuung. Aus der Unte 606 $aTerminal care 608 $aElectronic books. 615 0$aTerminal care. 676 $a362.17 676 $a362.175 700 $aDrechsler$b Maria$0929512 801 0$bMiAaPQ 801 1$bMiAaPQ 801 2$bMiAaPQ 906 $aBOOK 912 $a9910463826203321 996 $aProfessionalisierung palliativer Sozialarbeit$92089433 997 $aUNINA LEADER 03846 am 2200709 n 450 001 9910275037803321 005 20180119 010 $a2-37928-012-6 024 7 $a10.4000/books.putc.2544 035 $a(CKB)3790000000585167 035 $a(FrMaCLE)OB-putc-2544 035 $a(oapen)https://directory.doabooks.org/handle/20.500.12854/49909 035 $a(PPN)267948255 035 $a(EXLCZ)993790000000585167 100 $a20180313j|||||||| ||| 0 101 0 $afre 135 $auu||||||m|||| 181 $ctxt$2rdacontent 182 $cc$2rdamedia 183 $acr$2rdacarrier 200 10$aImage(s) & Environnement /$fMarie-Pierre Blin-Franchomme 210 $aToulouse $cPresses de l?Université Toulouse Capitole$d2018 215 $a1 online resource (314 p.) 311 $a2-36170-034-4 330 $aL'image, c'est ce qui ressemble, ce qui représente, ce qui se reflète dans un miroir.,. C'est aussi, au sens figuré, une idée de quelque chose. C'est encore, en entomologie, le nom de l'insecte qui a subi toutes ses métamorphoses... Au rythme des attentes écologiques de notre société, l'environnement n'est-il pas aujourd'hui dans ce processus de métamorphoses ? L'objet de ce colloque est de porter des regards croisés sur ce potentiel « statut d'image » de l'environnement. Il n'est pas nouveau de dire que l'environnement est un fournisseur d'images donnant à rêver à l'évocation du paradis perdu et à penser notre place dans cette Nature, à regarder la douceur des paysages mais aussi les décors apocalyptiques de quelques catastrophes naturelles ou pollutions industrielles... Aujourd'hui l'image environnementale est devenue un enjeu de société : la protection de l'environnement est une des attentes les plus fortes des « parties prenantes », chaque citoyen est de plus en plus attentif à ce qui fait son "voisinage', on s'interroge sur la réalité de l'état des ressources naturelles et de notre Planète... Qu'en est-il de l'image de et dans l'environnement ? Les acteurs économiques ont compris l'intérêt de (re)dessiner l'image de leur entreprise et de leurs produits à l'aune de ce nouveau « risque réputation » : il faut alors se demander si cette image pour l'environnement n'est pas justement à vocation purement marchande... Vert comme une image ?, oserait-on dire, pour ouvrir le débat sur l'évolution et la place des représentations de l'environnement, sous l'?il du Droit, associé en matière d'entreprise, à la focale managériale des Sciences de gestion. 517 $aImage 606 $aEnvironmental Studies 606 $aLaw 606 $amétamorphose 606 $aprotection 606 $aressource 606 $aenvironnement 610 $amétamorphose 610 $aressource 610 $aprotection 610 $aenvironnement 615 4$aEnvironmental Studies 615 4$aLaw 615 4$amétamorphose 615 4$aprotection 615 4$aressource 615 4$aenvironnement 700 $aBernabé$b Boris$01282900 701 $aBlin-Franchomme$b Marie-Pierre$01307894 701 $aBoutonnet$b Mathilde$01288782 701 $aDeharbe$b David$01328057 701 $aDesbarats$b Isabelle$01292600 701 $aIgalens$b Jacques$01328058 701 $aJazottes$b Gérard$01292091 701 $aLarrieu$b Jacques$01240858 701 $aMarguenaud$b Jean-Pierre$0282552 701 $aNesi$b Françoise$01328059 701 $aPrieur$b Michel$080241 701 $aTerrisse$b Laurent$01328060 701 $aTrébulle$b François-Guy$01287029 701 $aWeisbein$b Julien$01275653 701 $aBlin-Franchomme$b Marie-Pierre$01307894 801 0$bFR-FrMaCLE 906 $aBOOK 912 $a9910275037803321 996 $aImage(s) & Environnement$93038354 997 $aUNINA